[Event "Bundesliga 0506"]
[Site "Germany"]
[Date "2005.10.23"]
[Round "2.1"]
[White "Miroshnichenko, Evgenij"]
[Black "Landa, Konstantin"]
[Result "1-0"]
[WhiteElo "2634"]
[BlackElo "2600"]
[Annotator "Ribli,Z"]
[PlyCount "69"]
[EventDate "2005.10.21"]
[EventType "team-tourn"]
[EventRounds "15"]
[EventCountry "GER"]
[SourceTitle "CBM 110"]
[Source "ChessBase"]
[SourceDate "2006.01.31"]
[SourceVersion "1"]
[SourceVersionDate "2006.01.31"]
[SourceQuality "1"]
[WhiteTeam "Neukoelln"]
[BlackTeam "Muelheim Nord"]
[WhiteTeamCountry "GER"]
[BlackTeamCountry "GER"]

1. Nf3 c5 2. c4 Nc6 3. Nc3 e5 {Schwarz strebt eine asymmetrische Stellung an.}
4. g3 g6 5. Bg2 Bg7 6. O-O d6 (6... Nge7 7. a3 a5 8. Qa4 O-O (8... Ra6) 9. b4
cxb4 10. axb4 Nxb4 11. Ba3 b5 $2 (11... Nec6) 12. cxb5 Bb7 13. Bxb4 axb4 14.
Qxb4 d5 15. Rxa8 Bxa8 16. d4 $16 {1/2-1/2 Scherer,R-Stahl,M/GER 1999/EXT 2002 
(69)}) 7. a3 a5 8. Qa4 $5 {[%cal Gb2b4] Das ist die Lieblingsvariante von Weiß:
in Megadatabase 2006 habe ich nur zwei Partien gefunden, diese und eine
weitere von Miroshnichenko. Mit dem Damenzug fesselt Weiß den a8-Turm und
möchte b2-b4 ziehen.} Ra6 {Auf diese Weise verhindert Schwarz 9.b4, wonach 9...
axb4 möglich ist.} (8... Bd7 9. Nb5 Qb8 10. d4 cxd4 11. e3 Nge7 12. exd4 O-O
13. Qd1 (13. dxe5 Nxe5 14. Be3 Nxf3+ 15. Bxf3 Bc6) 13... exd4 14. Bf4 Ne5 15.
Re1 N7c6 16. Nfxd4 Nxd4 17. Nxd4 Nxc4 18. Rc1 $44 {1-0 Miroshnichenko,
E-Bocharov,D/St Petersburg 2003/(41)}) 9. e3 Nge7 {Das d5-Feld ist eine ewige
positionelle Schwäche in der schwarzen Stellung, aber Schwarz kann seine
Figuren elastisch (hinter den Bauern) plazieren. Nachfolgend kann er f7-f5
ziehen.} 10. Qc2 O-O 11. b3 Bf5 (11... a4 12. bxa4 (12. Nxa4 $4 e4 $19)) (11...
h6 12. Bb2 Be6) 12. d3 Qd7 13. Bb2 {[%cal Gd7h3,Gh3f1]} (13. Re1 Bh3 14. Bh1)
13... Bh3 14. Bxh3 Qxh3 15. Nd5 Qd7 (15... Nxd5 $5 16. cxd5 Ne7 17. e4 Bh6) 16.
Nd2 h5 $6 (16... Nxd5 $5 17. cxd5 Ne7 18. e4 Bh6) 17. f4 $1 $14 {[%mdl 32]
Eine gute strategische Idee - Weiß möchte die Diagonale des b2-Läufers öffnen.}
h4 (17... f5 18. Nf3 $14) 18. Ne4 Nxd5 (18... f5 19. Ng5 $16) 19. cxd5 Ne7 20.
fxe5 Nxd5 21. Qf2 $1 (21. Nf6+ $6 Nxf6 (21... Bxf6 22. exf6 Nxe3 23. Qd2 Re8
24. Rae1 $18) 22. exf6 Bh6) (21. Rae1 $16) 21... Qe6 22. exd6 hxg3 23. hxg3
Bxb2 24. Qxb2 f5 {[#]} 25. Rae1 $1 {[%csl Ge1,Ge4,Gf1,Rg8][%cal Gb2h8,Gb2h2,
Gh2h6][%mdl 2048] Alle weißen Figuren stehen aktiv und der schwarze
Königsflügel ist schwach.} (25. Nxc5 Qxe3+ 26. Qf2) 25... Rc6 (25... fxe4 26.
Rxf8+ Kxf8 27. Qh8+ Kf7 28. Rf1+ Nf6 29. Qh7+ Kf8 30. d7 $18) 26. Qh2 $6 (26.
g4 $1 fxe4 (26... f4 27. Re2 $1 $40 {[%csl Rg8][%cal Re2h2,Rh2h8]}) 27. Rxf8+
Kxf8 28. Qh8+ Kf7 29. Rf1+ Nf6 30. g5 Qg4+ 31. Kh1 Rxd6 32. Rxf6+ Rxf6 33.
Qxf6+ Ke8 34. Qxg6+ $16) 26... Nf6 (26... fxe4 27. Rxf8+ Kxf8 28. Qh8+ Kf7 29.
Rf1+ Nf6 30. Qh7+ Kf8 31. d7 $18) 27. Qh6 {[%csl Rg8,Gh6]} Nxe4 $11 28. dxe4
Rxd6 (28... Qxd6 $5) 29. Rf4 {[%cal Gf4h4,Gh4h8,Ge1f1,Gf1f8] Weiß hat einige
Initiative, aber Schwarz kann sich verteidigen.} Qe5 30. Ref1 Qg7 31. Qg5 (31.
Qxg7+ Kxg7 32. exf5 Rxf5 33. Rxf5 gxf5 34. Rxf5 b6 $11 {[%csl Gd6][%cal Gd6d1]}
) 31... Rdf6 $6 (31... Re8) 32. g4 $1 R8f7 $2 (32... Re8 $5) 33. exf5 $18 gxf5
34. Rxf5 Rxf5 35. Rxf5 (35. Rxf5 Rxf5 (35... Qxg5 36. Rxg5+ Rg7 37. Rxc5 (37.
Rxg7+ Kxg7 38. Kf2 $18)) 36. Qxg7+ Kxg7 37. gxf5 Kf6 38. e4 b5 39. Kf2 $18) 1-0

[Event "Zagreb zt"]
[Site "Zagreb"]
[Date "1993.??.??"]
[Round "12"]
[White "Cvitan, Ognjen"]
[Black "Psakhis, Lev"]
[Result "0-1"]
[WhiteElo "2575"]
[BlackElo "2575"]
[Annotator "Ribli,Z"]
[PlyCount "90"]
[EventDate "1993.03.??"]
[EventType "tourn"]
[EventRounds "13"]
[EventCountry "CRO"]
[EventCategory "11"]
[SourceTitle "CBM 035"]
[Source "ChessBase"]
[SourceDate "1993.08.01"]
[SourceVersion "1"]
[SourceVersionDate "1993.08.01"]
[SourceQuality "1"]

1. Nf3 c5 2. c4 Nc6 3. g3 g6 4. Bg2 Bg7 5. O-O e6 6. Nc3 Nge7 7. d3 O-O 8. Rb1
b6 9. a3 Bb7 10. Bd2 d5 11. Qc1 (11. cxd5 $13 {Lputian,S-Plachetka,J/Rimavska
Sobota/1991/CBM24/INF52/(58)/}) 11... d4 12. Na4 Qd7 13. b4 Nd8 $1 14. Qc2 Bc6
15. Nb2 e5 16. e4 f5 (16... dxe3 17. fxe3 (17. Bxe3 Ne6 $13) 17... Ne6 $13) 17.
Rbe1 (17. exf5 gxf5 18. Rbe1 Ng6 $13) (17. Rfe1 $5 f4 18. b5 Bb7 19. a4 $13)
17... f4 18. b5 Bb7 19. a4 a5 $5 20. bxa6 Rxa6 21. a5 (21. Ra1 Ndc6 $15) 21...
bxa5 22. Na4 Qd6 (22... Ne6 23. Bh3) 23. Rb1 Bc6 24. Rb2 Bxa4 25. Qxa4 Nec6 26.
Ra1 (26. Rb5 Nb4 $15) 26... Ne6 (26... Nb4 $2 27. Rxb4 cxb4 28. Bxb4 $13) 27.
Rb5 fxg3 28. hxg3 Nc7 29. Rab1 Nb4 30. Rxa5 Nxd3 31. Rb7 (31. Rxa6 $5 Nxa6 32.
Rb7 $15) 31... Rxa5 32. Qxa5 Ne8 33. Qa7 Qe6 34. Ng5 Qf6 $1 (34... Qxc4 35. Bh3
$1 $44) 35. f4 exf4 36. Nf3 fxg3 37. Bg5 Qe6 38. Re7 Qxc4 39. Qd7 (39. Bh3 Qc2
$19) 39... Qc2 40. Nd2 Qc1+ 41. Nf1 Qxg5 42. Rxe8 Nf4 43. e5 Ne2+ 44. Kh1 Qh4+
45. Bh3 g2+ 0-1

[Event "ARM-ch"]
[Site "Yerevan"]
[Date "1999.10.19"]
[Round "4"]
[White "Aronian, Levon"]
[Black "Yegiazarian, Arsen"]
[Result "1-0"]
[WhiteElo "2518"]
[BlackElo "2504"]
[Annotator "Ribli,Z"]
[PlyCount "77"]
[EventDate "1999.10.16"]
[EventType "tourn"]
[EventRounds "11"]
[EventCountry "ARM"]
[EventCategory "10"]
[SourceTitle "CBM 074"]
[Source "ChessBase"]
[SourceDate "2000.02.01"]
[SourceVersion "1"]
[SourceVersionDate "2000.02.01"]
[SourceQuality "1"]

{[%mdl 4096]} 1. g3 c5 2. Bg2 g6 3. c4 Bg7 4. Nc3 Nc6 5. a3 {Weiss möchte am
Damenflügel mit Rb1-b4 aktiv spielen, aber diese Fortsetzung ist theoretisch
nicht gefährlich, da Schwarz symmetrisch spielen kann.} a6 (5... b6) 6. Rb1 Rb8
7. b4 cxb4 8. axb4 b5 9. cxb5 (9. c5 a5 $11) 9... axb5 10. Nf3 d5 (10... d6 11.
d4 Bg4 12. Be3 Nh6 13. Nh4 Bd7 14. h3 O-O 15. O-O Na7 16. Qd2 Nf5 17. Nxf5 Bxf5
18. Ra1 Nc8 19. Bh6 Nb6 20. Bxg7 Kxg7 21. d5 {1-0 Adorjan,A-Horvath,G/HUN-chT
1992/TD (47)}) 11. d4 Bf5 {Nach meiner persöhnlichen Meinung ist die
Alternative 11...e6 sicherer. Früher oder später muss Schwarz e7-e6 ziehen und
der f5B kann bei der Verteidigung des Damenflügels fehlen.} (11... e6 12. Bf4
Rb6 13. e4 {[#]} (13. h4 Nge7 14. h5 Nf5 15. e3 f6 16. hxg6 hxg6 17. Rxh8+ Bxh8
18. g4 Nfe7 19. g5 e5 20. gxf6 exf4 21. fxe7 Qd6 22. exf4 {1/2-1/2 Ribli,
Z-Ftacnik,L/Thessaloniki 1988/TD (22)}) 13... Nf6 (13... Nge7 $5) 14. e5 Ne4
15. Nxe4 dxe4 16. Nd2 O-O 17. Be3 f5 18. exf6 Bxf6 19. Nxe4 Bxd4 20. O-O e5 21.
Bg5 (21. Bh6 $14) 21... Ne7 {1/2-1/2 Kasparov,G-Kramnik,V/New York 1995/CBM 47
ext/}) (11... Bg4 12. O-O Bxf3 13. Bxf3 e6 14. e3 Nge7 15. Qd3 Qb6 16. Bd2 Nf5
17. Ne2 Nd6 18. Nc1 O-O 19. Nb3 Nc4 20. Bc3 Rfd8 21. Nc5 Ra8 {1/2-1/2 Vadasz,
L-Horvath,G/HUN-chT 1994/TD (21)}) 12. Rb3 Nf6 (12... Be4 13. e3 (13. Bf4 Rb6
14. e3 Bxf3 15. Bxf3 e6 16. Be2 g5 17. Bxg5 Qxg5 18. Bxb5 Nge7 19. Bxc6+ Rxc6
20. b5 Rc4 21. O-O O-O 22. b6 Rb8 23. Qa1 {1-0 Van Wely,L-Lautier,J/Monte
Carlo 1997/CBM 57 ext (61)}) 13... Bxf3 (13... Nf6 14. O-O O-O 15. Ne5 Qd6 16.
f3 Bf5 17. g4 Be6 18. Nd3 Ne8 19. Nc5 Bc8 20. Bd2 e5 21. dxe5 Nxe5 22. Be1 Nc7
23. Bg3 Qd8 {0-1 Sorensen-Sorensen,J/Norresundby 1992/EXT 99 (44)}) 14. Bxf3 e6
15. Be2 Na7 16. Ra3 Qd7 17. e4 Ne7 18. Bf4 Rb7 19. exd5 exd5 20. O-O O-O 21.
Be5 {1/2-1/2 Kosten,A-Syre,C/Slough 1997/CBM 62 (49)}) 13. Ne5 (13. Bf4 Rb6 14.
Ne5 O-O 15. O-O Qc8 16. Qd2 Nxe5 17. dxe5 Ne4 18. Qd4 Qc4 19. Qxb6 Qxb3 20.
Nxe4 dxe4 21. Qxb5 h6 22. Qb7 g5 23. Be3 Bxe5 24. Bxe4 Bh3 25. Bd5 Qb2 26. Qxe7
Bf6 27. Qe4 Bxf1 28. Kxf1 {1-0 Damaso,R-Silva,F/POR-ch 1995/EXT 97 (67)}) 13...
Rc8 {Schwarz verteidigt den c6N, aber der b5P bleibt ohne Unterstützung.} (
13... Qb6 $13 {[%csl Rd4][%cal Rc6d4]}) 14. Nxc6 (14. Bb2) (14. Nxb5 Nxe5 15.
dxe5 Bc2 {[%cal Rc2b3,Rc2d1]} 16. exf6 Bxf6 $17) 14... Rxc6 15. O-O (15. Nxb5
$4 Bc2 $19 {[%cal Rc2b3,Rc2d1]}) 15... Ne4 {Schwarz kann zufrieden sein mit
dem Ergebnis der Eröffnung - bei symmetrischer Bauernstellung steht er sehr
bequem. Er muss noch rochieren, aber sein Turm auf c6 steht aktiver als der
weisse Turm auf b3.} (15... O-O $11) 16. Bb2 (16. Nxb5 $6 Qb6 $36) 16... O-O (
16... Nxc3 17. Rxc3 Rxc3 18. Bxc3 O-O $11) 17. e3 Rc4 (17... Nxc3 18. Rxc3 Rc4
(18... Rxc3 $11) 19. Qd2 $11 Rxb4 20. Rc5 $132) 18. Qe2 (18. Nxb5 $2 Nxg3 $1
$17 {[%cal Rf5c2,Rc2b3,Rc2d1]}) 18... Nxc3 (18... Qd7 $11) 19. Rxc3 Rxc3 (19...
Rxb4 20. Rc5 $11) 20. Bxc3 Qd7 {Es ist schwer vorzustellen, dass Schwarz diese
Partie verliert.} 21. Rc1 Ra8 {Schwarz spielt auf Gewinn, aber der einfache
Turmzug nach c8 scheint logischer zu sein.} (21... Rc8 $11) 22. Bb2 $1 {
[%cal Rc1c5,Rc5b5,Rc5d5]} h5 $6 {Schwarz moechte e7-e6 ziehen hat aber Angst
von g3-g4, so sichert er die f5-Läuferstellung.} (22... Rb8 23. Rc5 e6 24. g4
Be4 25. f3 Bb1 $11) 23. Rc5 $14 {[%csl Rb5,Rd5][%cal Rc5b5,Rb5d5]} e6 24. Rxb5
(24. Qxb5 Qxb5 25. Rxb5 Ra2 $132) 24... Bf8 25. Bf1 Qc7 26. Qd2 Ra2 {[#]} 27.
Rc5 $1 $16 {[%mdl 512] Tigran Petrosian wäre zufrieden! Weiss opfert die
Qualität und es scheint, dass der weisse dunkelfarbige Läufer viel wertvoller
ist als der schwarze Turm.} Bxc5 (27... Qb7 28. Qc3 $16) 28. dxc5 {[%cal Rd2d4,
Rd2c3,Rb2h8]} Qe5 (28... e5 29. Bxe5 Rxd2 30. Bxc7 $16 {[%csl Gb4,Gc5]}) 29.
Bxe5 Rxd2 30. c6 {[%csl Gb4,Gc6]} Rc2 31. c7 Rc1 (31... f6 32. b5 fxe5 (32...
Rc1 33. b6 Bh3 34. c8=Q+ Rxc8 35. b7 $18 (35. Bc7 $18 {[%csl Gb6][%cal Rb6b7]})
(35. Bxh3 Rc1+ (35... fxe5 36. Bxe6+ {[%cal Re6c8,Re6g8]}) 36. Kg2 fxe5 37. b7
Rb1 38. Bxe6+ Kg7 39. Bxd5 $16)) 33. b6 $18) 32. b5 {Die weissen verbundenen
Freibauern sind sehr stark. Das schwarze Hauptproblem bestet darin, dass der
f5B ausser Spiel ist.} d4 {[%cal Gf5e4,Ge4b7]} (32... Bd3 33. c8=Q+ Rxc8 34.
Bxd3 $18) 33. exd4 Be4 34. Bf4 {Der Turm muss entweder die c-Linie oder die
Grundreihe verlassen.} Rc2 35. Bg2 Bd3 (35... Bxg2 36. Kxg2 $18) 36. Bb7 $18 {
[%csl Gc7]} (36. b6 $18) 36... e5 37. c8=Q+ Rxc8 38. Bxc8 exf4 39. b6 1-0

[Event "EU-ch 4th"]
[Site "Istanbul"]
[Date "2003.06.11"]
[Round "11"]
[White "Damljanovic, Branko"]
[Black "Banikas, Hristos"]
[Result "1-0"]
[WhiteElo "2587"]
[BlackElo "2542"]
[Annotator "Ribli,Z"]
[PlyCount "65"]
[EventDate "2003.05.30"]
[EventType "swiss"]
[EventRounds "13"]
[EventCountry "TUR"]
[SourceTitle "CBM 096"]
[Source "ChessBase"]
[SourceDate "2003.09.25"]
[SourceVersion "1"]
[SourceVersionDate "2003.09.25"]
[SourceQuality "1"]

1. c4 c5 2. Nf3 Nc6 3. Nc3 e5 4. g3 {Das ist die traditionelle Fortsetzung,
aber 4.e3 ist auch spielbar.} g6 5. Bg2 Bg7 6. a3 d6 7. O-O a5 8. Ne1 {[%csl
Yd5][%cal Ge1c2,Gc2e3,Ge3d5] Weiß folgt dem typischen Plan - das d5-Feld ist
ein positionelles Loch in der schwarzen Stellung, so bereitet Weiß das Manöver
Nc2-Ne3-Ned5 (oder Ncd5) vor. Andererseits ist die schwarze Stellung sehr fest.
} Be6 (8... Nge7 9. Nc2 Be6 10. Ne3 {[%cal Ge3d5]}) 9. Nd5 (9. d3 Nge7 10. Nc2
d5 $11) 9... Nge7 10. d3 O-O 11. Nc2 Rb8 {Mit diesem Zug bereitet Schwarz den
Zug b7-b5 vor, aber ich glaube, es wäre besser mit 11...a4 am Damenflügel Raum
zu gewinnen.} (11... a4 12. Rb1 Na5 13. Bg5 f6 14. Nxe7+ Qxe7 15. Bd2 Nb3 16.
Ne3 f5 17. Nd5 Qd8 18. e3 Rb8 19. Nc3 Qd7 {0-1 Krivoshey,S-Khasin,A/Koszalin
1999/EXT 2000 (36)}) 12. Bg5 $5 {Das ist ein chancenreicher Plan für Weiß -
die Fesselung des e7-Springers ist sehr unangenehm für Schwarz und er muss
auch mit 13.Nf6+ rechnen.} (12. b4 axb4 13. axb4 cxb4 14. Ncxb4 Nxb4 15. Nxb4
d5 16. cxd5 Nxd5 17. Nxd5 Bxd5 18. Ba3 Re8 19. Rb1 Bxg2 20. Kxg2 Qd5+ 21. Kg1
e4 {1/2-1/2 Tikhomirov,S-Andreev,E/Tula 2001/EXT 2002 (40)}) 12... f6 {Dieser
Zug ist praktisch erzwungen, aber der g7B bleibt nun eingeschlossen.} (12... b5
$2 13. Nf6+ Bxf6 (13... Kh8 $2 14. Bxc6 Nxc6 (14... h6 15. Bxb5 hxg5 16. Ne4
$16) 15. Nxh7 $18) 14. Bxf6 Qd7 15. Qd2 $16 {[%csl Gf6,Gg2,Rg8][%cal Gd2h6]})
13. Bd2 b5 14. b3 Kh8 {Statt dieser Fortsetzung kann Schwarz die Diagonale des
g7-Läufers öffnen mit 14...f5, was mir logischer scheint.} (14... f5 15. Rb1 b4
16. Nxe7+ Nxe7 17. axb4 axb4 18. Bg5 f4 19. e3 h6 20. Bxe7 Qxe7 21. exf4 exf4
22. Re1 Be5 23. d4 cxd4 24. Nxd4 {1/2-1/2 Schneider,B-Polgar,S/Bad Mergentheim
1989/EXT 97 (29)}) (14... Bxd5 15. cxd5 Nd4 16. Nxd4 exd4 17. Qc2 Kh8 18. a4 b4
19. Rae1 {1-0 Karlsson,L-Hedman,E/Hallsberg 1996/EXT 2001 (46)}) 15. Nc3 {
Der Springer kommt zurück, denn Weiß möchte die Stellung am Damenflügel klären.
} (15. Nxe7 Nxe7 16. cxb5 (16. Ne3 $11) 16... Rxb5 (16... Bxb3 17. a4 $14) 17.
b4 axb4 18. axb4 cxb4 19. Nxb4 Qd7 $11) 15... a4 $13 {Dieser Zug führt zu
komplitziertem Spiel, aber die ruhige Alternative kommt auch in Betracht.} (
15... b4 $142 16. axb4 axb4 17. Nd5 f5 $11) 16. cxb5 (16. bxa4 bxc4 $17) (16.
Nxb5 axb3 17. Ne3 (17. Ne1 d5 $15) 17... Nd4 $15) 16... axb3 17. bxc6 bxc2 18.
Qxc2 Bb3 (18... d5 19. Na4 Nxc6 20. Nxc5 $14) 19. Qc1 {Weiß hat einen Bauern
mehr, aber sein c6P ist nicht haltbar. Andererseits ist der entfernte a3P eine
potenzielle Gefahr für Schwarz.} d5 (19... Qc8 20. a4 Nxc6 21. Nb5 Qd7 $13) 20.
a4 Nxc6 21. Be3 $5 {Der Läuferzug ist auf den ersten Blick unnatürlich, aber
Weiß beginnt den konkreten Kampf.} (21. Nb5 Bxa4 22. Rxa4 Rxb5 $17) 21... Nd4 (
21... Qa5 22. Nxd5 Nd4 23. Bxd4 cxd4 24. Ne7 $16 {[%cal Ge7c6,Gc6a5,Gc6b8]})
22. a5 c4 $2 {[%cal Gb8c8,Gc8c1] Dieser Zug ist zu optimistisch - Schwarz
möchte die c-Linie öffnen.} (22... Qd6) (22... Rf7 $1 {[%cal Gf7a7,Ga7a5]}) 23.
a6 cxd3 (23... Rf7 24. a7 Ra8 25. Bxd4 exd4 26. Bxd5 $16) 24. exd3 Rc8 {
[%cal Rc8c1,Rd4e2] Droht 25...Rxc3 und 26...Ne2+ mit Gewinn.} 25. Bxd4 exd4 26.
Qa3 $1 {Natürlich hat Weiß dieses Figurenopfer schon früher geplant. Die
Hauptrolle spielt der a-Bauer.} Rxc3 {[%mdl 1024]} (26... dxc3 27. Qxb3 $16 {
[%csl Ga6][%cal Gg2a8]}) 27. a7 Qa8 {Die Dame steht passiv in der Ecke, aber
Schwarz hat nichts anderes.} 28. Rfb1 {[%csl Ga7][%cal Ga1a8,Gb1b8] Weiß hat
eine Figur weniger, aber seine Figuren stehen ausgezeichnet am Damenflügel.}
Rf7 {[%cal Gf7a7]} (28... Bc2 29. Qxf8+ Bxf8 (29... Qxf8 30. Rb8 $18) 30. Rb8
Rc8 31. Rxc8 Qxc8 32. a8=Q Qxa8 33. Rxa8 $16) 29. Qd6 $1 (29. Rxb3 Rxb3 (29...
Rxa7 $2 30. Qxa7 Qxa7 31. Rxa7 Rxb3 32. Ra8+ $18) 30. Qxb3 Rxa7 31. Rxa7 Qxa7
32. Bxd5 f5 $11) 29... Rb7 $2 (29... Rc8 $8 {Schwarz muss seine Grundlinie
verteidigen.} 30. Rxb3 Rxa7 31. Rxa7 Qxa7 32. Bxd5 $36) {[#]} 30. Rxb3 $1 {
[%mdl 64]} Rcxb3 (30... Rbxb3 31. Bxd5 $18) 31. Bxd5 $18 {[%csl Ga7][%cal
Rd5a8] Schwarz hat einen Turm mehr, aber er kann sich nicht gegen den
vielseitige Drohungen verteidigen.} R3b5 (31... h5 32. Bxb7 Rxb7 33. Qd5 $18)
32. Bxb7 Rxb7 33. Qc6 {Droht 34.Qxb7 Qxb7 35.a8Q mit Gewinn und Schwarz hat
keine Verteidigung.} (33. Qc6 Rb1+ 34. Rxb1 Qxc6 35. Rb8+ Bf8 36. Rxf8+ Kg7 37.
a8=Q $18) 1-0

[Event "Noviki-A"]
[Site "Budapest"]
[Date "1990.??.??"]
[Round "6"]
[White "Csom, Istvan"]
[Black "Schmittdiel, Eckhard"]
[Result "1/2-1/2"]
[WhiteElo "2505"]
[BlackElo "2455"]
[Annotator "Ribli,Z"]
[PlyCount "86"]
[EventDate "1990.??.??"]
[EventType "tourn"]
[EventRounds "11"]
[EventCountry "HUN"]
[EventCategory "9"]
[SourceTitle "CBM 019"]
[Source "ChessBase"]
[SourceDate "1990.12.01"]
[SourceVersion "1"]
[SourceVersionDate "1990.12.01"]
[SourceQuality "1"]

1. Nf3 c5 2. c4 Nc6 3. g3 e5 4. Nc3 g6 5. Bg2 Bg7 6. a3 Nge7 7. O-O O-O 8. d3
d6 9. Rb1 a5 10. Bd2 $5 h6 (10... Rb8 11. Qc1 $6 (11. Qa4 $5 Bd7 12. Nb5 $6 (
12. Rfc1 $5) 12... Na7 $1 13. Bxa5 Qe8 $15 {Mednis-Schlüssler Palma de
Mallorca GMA op 1989 48/58}) 11... b6 12. Nb5 d5 13. cxd5 Nxd5 14. Qc4 Ba6 $1
15. Qb3 Nde7 $13 {Schulz,Ka-Espig,L DDR ch Zittau 1989 CBM 12}) 11. Qa4 $5 (11.
Ne1 Rb8 $6 (11... Be6 $5) 12. Nc2 Be6 13. b4 axb4 14. axb4 cxb4 15. Nxb4 Nxb4
16. Rxb4 d5 17. cxd5 Nxd5 18. Nxd5 Bxd5 19. Bxd5 Qxd5 20. Qb3 $14 {
Raaste-Lauren Suomi 1977}) 11... Bd7 12. Rfc1 Nd4 13. Qd1 a4 14. Nxd4 exd4 15.
Nd5 Nxd5 16. Bxd5 Qc7 17. b4 $1 axb3 18. Qxb3 Bc6 19. Bxc6 Qxc6 (19... bxc6 $2
20. a4 $14 {/\ a5}) 20. Qxb7 Qxb7 21. Rxb7 Rxa3 22. Bf4 Rd8 23. Rcb1 Bf8 24. g4
g5 25. Bg3 Ra2 26. Kf1 Re8 27. Re1 Raa8 28. Reb1 Ra2 29. R1b2 Rxb2 30. Rxb2 Kg7
31. Kg2 Kg6 32. Kf3 h5 33. h3 hxg4+ 34. hxg4 f5 35. gxf5+ Kxf5 36. Rb7 Be7 37.
Rb6 Rf8 $1 38. Kg2 (38. Bxd6 $2 Bxd6 39. Rxd6 Ke5+ $19) 38... Rf6 39. Rb8 Re6
40. Kf1 Bf6 41. Rg8 Be5 42. Rf8+ Kg6 43. Bxe5 Rxe5 {Ribli} 1/2-1/2

[Event "Stockholm"]
[Site "Stockholm"]
[Date "1990.??.??"]
[Round "?"]
[White "Gausel, Einar"]
[Black "Cramling, Pia"]
[Result "0-1"]
[WhiteElo "2460"]
[BlackElo "2505"]
[Annotator "Ribli,Z"]
[PlyCount "106"]
[EventDate "1990.??.??"]
[EventType "tourn"]
[EventRounds "9"]
[EventCountry "SWE"]
[EventCategory "11"]
[SourceTitle "CBM 022"]
[Source "ChessBase"]
[SourceDate "1991.06.01"]
[SourceVersion "1"]
[SourceVersionDate "1991.06.01"]
[SourceQuality "1"]

1. Nf3 c5 2. c4 g6 3. Nc3 Bg7 4. g3 Nc6 5. Bg2 d6 6. O-O e5 7. d3 Nge7 8. Bg5
f6 $5 9. Bd2 O-O 10. a3 a5 11. Ne1 (11. Rb1 Be6 12. Qa4 Rc8 13. Rfc1 b6 $13 {
Psakhis,L-Gschnitzer,O Wien op 1990 CBM/21}) 11... Be6 12. Nc2 d5 13. cxd5 Nxd5
14. Nxd5 (14. Ne3 Nde7 15. Ne4 b6 16. b4 $13 {Landenbergue,C-Mainka,R Prague
Bohemians-A 1990 CBM/17}) 14... Bxd5 15. Bxd5+ Qxd5 16. Ne3 (16. b4 cxb4 17.
axb4 a4 18. Ne3 Qb5 $13) 16... Qe6 17. Rc1 b6 18. Rc4 Nd4 19. Ng2 a4 $1 $15 20.
Bc3 Nb3 21. f4 f5 22. Bxe5 Bxe5 23. fxe5 b5 24. Rc3 Kh8 25. e3 Qxe5 26. Rf4
Rad8 27. Qf1 Kg7 28. h4 h6 29. Rc2 Rf6 30. Kh2 g5 31. Rf3 Rdf8 32. Rcf2 Qe6 33.
Kg1 Na5 34. Qc1 Nc6 35. hxg5 hxg5 36. g4 Ne5 37. Rxf5 Rxf5 38. gxf5 Rxf5 39. e4
Nf3+ 40. Rxf3 Rxf3 41. Qxg5+ Kf8 42. Qxc5+ Qe7 43. Qc8+ Kf7 44. Qg4 Qc5+ 45.
Kh2 Qe5+ 46. Kg1 Rxd3 47. Qe2 Qd4+ 48. Kh2 Qe5+ 49. Kg1 Qg3 50. Qh5+ Kg7 51.
Qe2 Qf3 52. Qxf3 Rxf3 53. Nh4 Rb3 0-1

[Event "Sonnevanck 3rd"]
[Site "Wijk aan Zee"]
[Date "1993.??.??"]
[Round "8"]
[White "Bosboom, Manuel"]
[Black "Rogers, Ian"]
[Result "0-1"]
[WhiteElo "2440"]
[BlackElo "2595"]
[Annotator "Ribli,Z"]
[PlyCount "74"]
[EventDate "1993.??.??"]
[EventType "tourn"]
[EventRounds "9"]
[EventCountry "NED"]
[EventCategory "10"]
[SourceTitle "CBM 040"]
[Source "ChessBase"]
[SourceDate "1994.06.01"]
[SourceVersion "1"]
[SourceVersionDate "1994.06.01"]
[SourceQuality "1"]

1. Nf3 c5 2. g3 g6 3. Bg2 Bg7 4. O-O Nc6 5. d3 e5 6. c4 Nge7 7. Nc3 d6 8. Rb1
O-O 9. a3 a5 10. Bg5 $6 (10. Bd2 $5) 10... f6 11. Bd2 Be6 12. Qc2 (12. Ne1 $5
f5 13. Nc2 d5 14. b3 $1 d4 $6 (14... Qd7 $5) 15. Nb5 f4 16. b4 $14 {Petrosian,
T-Radulov,I/Amsterdam/1973/}) 12... b6 (12... d5 $2 13. cxd5 Nxd5 14. Nxd5 Bxd5
15. Qxc5 $16) 13. Na4 d5 14. b4 axb4 15. axb4 e4 $1 16. Ne1 (16. dxe4 $2 dxe4
17. Qxe4 Bf5 $19) 16... Nd4 17. Qd1 Bg4 (17... Nxe2+ 18. Qxe2 Rxa4 19. cxd5
Nxd5 20. bxc5 bxc5 21. dxe4 $13) 18. Nc3 (18. f3 exf3 19. exf3 Bd7 20. b5 Be6
$15) 18... exd3 19. Nxd3 dxc4 20. Nf4 (20. Bxa8 cxd3 21. Bf3 dxe2 22. Bxe2 Bxe2
23. Nxe2 Nf3+ 24. Kg2 Nxd2 $19) 20... Ra7 21. bxc5 bxc5 22. h3 Bf5 23. e4 Bc8
24. Re1 Nec6 25. Ncd5 Ra2 26. Bc3 Kh8 27. Rb6 Rf7 28. Bxd4 (28. Bf1 Ne5 $17)
28... Nxd4 29. Bf1 Rd2 $1 30. Qc1 g5 $1 31. Nh5 Nf3+ 32. Kh1 Rxd5 33. exd5 Nxe1
34. Rb8 Qxd5+ 35. Kg1 Nf3+ 36. Kh1 Rf8 37. Bg2 Qd2 0-1